Finde die Stadt (Geographie: Entfernungen Quiz - 1) - Statistiken

Allgemein
  • Dieses Quiz wurde 59 mal gespielt
  • Das Durchschnittsergebnis liegt bei 8 aus 10
Antwortstatistiken
Stadt Distanz in Km Richtung Gesuchte Stadt % Korrekt
Dresden 165 Norden Berlin
95%
Zürich 217 Süden Mailand
90%
Stuttgart 500 Westen Paris
86%
Wien 214 Osten Budapest
83%
Köln 183 Westen Brüssel
81%
Manchester 266 Westen Dublin
81%
Antalya 634 Westen Athen
74%
Palma de Mallorca 1027 Westen Lissabon
74%
Amsterdam 329 Osten Hannover
60%
Rom 394 Norden Venedig
60%
Keine übereinstimmenden Quizze gefunden
Verteilung der Resultate
Anzahl Personen mit jedem Resultat
Perzentil nach korrekt beantworteten Fragen
Ihre Resultats-Entwicklung
Sie haben dieses Quiz noch nicht gespielt